| Поле | Инд. | ПП | Название | Значение |
|---|---|---|---|---|
| Тип записи | a | |||
| Библиографический уровень | b | |||
| 001 | Контрольный номер | RU/IS/BASE/135954978 | ||
| 005 | Дата корректировки | 20220318143648.3 | ||
| 084 | a | Индекс другой классификации/Индекс ББК | 60.545.1; 66.094 | |
| a | Индекс другой классификации/Индекс ББК | 60.51(2); 63.3(2)-38 | ||
| a | Индекс другой классификации/Индекс ББК | 86.21; 60.563.05 | ||
| a | Индекс другой классификации/Индекс ББК | 86.38-12 | ||
| 100 | 1_ | a | Автор | Татунц С. А. |
| 245 | 10 | a | Заглавие | Уроки М. М. Ковалевского и российский Кавказ |
| 504 | a | Библиография | Библиогр. ссылки | |
| 600 | 14 | a | Персоналии | Ковалевский Максим Максимович |
| 650 | 04 | a | Основная рубрика | внутренняя политика |
| a | Основная рубрика | ислам (мусульманство) | ||
| a | Основная рубрика | история | ||
| a | Основная рубрика | история социологии | ||
| a | Основная рубрика | политика | ||
| a | Основная рубрика | политология | ||
| a | Основная рубрика | религиоведение | ||
| a | Основная рубрика | религия | ||
| a | Основная рубрика | социология | ||
| a | Основная рубрика | социология религии | ||
| a | Основная рубрика | этнополитология | ||
| a | Основная рубрика | этносоциология | ||
| a | Основная рубрика | социология групп | ||
| 653 | 0_ | a | Ключевые слова | XIX век |
| a | Ключевые слова | архаический коммунизм | ||
| a | Ключевые слова | ваххабизм | ||
| a | Ключевые слова | исламские правила поведения | ||
| a | Ключевые слова | Кавказ | ||
| a | Ключевые слова | кавказские народы | ||
| a | Ключевые слова | национальная политика (этнополитика) | ||
| a | Ключевые слова | национальные конфликты | ||
| a | Ключевые слова | национальные отношения | ||
| a | Ключевые слова | национальный вопрос | ||
| a | Ключевые слова | религиозность | ||
| a | Ключевые слова | религиозный фундаментализм | ||
| a | Ключевые слова | родовое устройство | ||
| a | Ключевые слова | Россия | ||
| a | Ключевые слова | старейшины | ||
| a | Ключевые слова | чеченцы | ||
| a | Ключевые слова | Чечня | ||
| a | Ключевые слова | этнические общности | ||
| a | Ключевые слова | этнографическая группа | ||
| 773 | 18 | t | Заглавие источника | Вестник Московского университета. Серия 18, Социология и политология |
| d | Дата издания источника | 2001 | ||
| g | Прочая информация | № 2. - С. 41 - 51 | ||
| w | Контрольный № источника | RU/IS/BASE/148578705 | ||
| 901 | t | Тип документа | b |